000
00461nam a2200157Ia 4500
008
100204s9999 xx 000 0 und d
082
_b
4258
100
_a
दास सुनिल
245
_a
प्रिन्स
260
_b
"मेनका प्रकाशन , पुणे"
_c
1979
300
_a
225
630
_a
प्रिन्स
700
_a
भागवत कमला
730
_a
प्रिन्स
942
_c
BOOK
999
_c
449048
_d
449045